01203cam a22003011 450000100060000000300080000600500170001400800410003103500140007203500190008604000220010504100080012704200120013508200260014710000320017324501060020526000520031130000340036350000490039750001470044650500600059365000300065365000350068370000320071894200120075099900170076295201220077975279BD-RjUL20211209082652.0750530s1951 xx 000 0 eng  a(BD-RjUL) a(OCoLC)1363382 aDLCcFMdDLCbeng aeng apremarc a621.384223bGHR 19611 aGhirardi, Alfred A.921003910aModern radio and television servicing librarycby Alfred A. Ghirardi, assisted by J. Richard Johnson. aNew York :bHolt ,Rinehart and winston ,c1951 axv , 669 p. :billus.c23 cm. aTitle from cover; each vol. has special t.p. aA revision and enlargement of the author's Modern radio servicing, which was originally published in 1932 under title: Radio servicing course.0 aRadio and television, receiver circuitry and operation. 0aRadioxRepairing.9228014 0aTelevisionxRepairing.9228015 aJohnson, J. Richard9228016 2ddccBK c75279d75279 00102ddc40718NFICaRUCLbRUCLcReadingd2019-02-11l0o621.384 GHR 1961r2019-02-11 00:00:00tC-1w2019-02-11yBK